| 000 | 00788nam a2200253 a 4500 | ||
|---|---|---|---|
| 001 | 70111 | ||
| 003 | BD-RjUL | ||
| 005 | 20211209081950.0 | ||
| 008 | 170416r20041976ii a|||| b||| 001 0 eng d | ||
| 020 | _a0706998081 | ||
| 035 | _a(BD-RjUL)70323 | ||
| 040 |
_aBD-RjUL _beng _cBD-RjUL _dBD-RjUL |
||
| 041 | _aeng | ||
| 082 |
_a572.8 _bSIC 2004 _223 |
||
| 100 |
_aSinha, U. _9114444 |
||
| 245 |
_aCytogenetics, plant breeding and evolution / _cU. Sinha and Sunita Sinha. |
||
| 260 |
_aJangpura : _bVikas Publishing House, _c1976 [reprint 2004]. |
||
| 300 |
_axii, 408 p.: _bill. _c23 cm. |
||
| 504 | _aIncludes bibliographical references and index. | ||
| 650 |
_aCytogenetics. _9114235 |
||
| 650 |
_aPlant cytogenetics. _9114445 |
||
| 700 |
_aSinha, Sunita. _9228868 |
||
| 942 |
_2ddc _cBK |
||
| 999 |
_c70111 _d70111 |
||